000 00661cab a2200229 4500
001 WB3220-51
008 090401t1996 xxu||||| |||| 00| 0 eng d
035 _a(Sirsi) u8419
041 _aeng
245 _aJapan`s floating cities
260 _c1996
350 _a0
490 _aSunday Times
_v19 May 1996, 12(2)
520 _aJapan is looking to create real estate opportunities on giant floating platforms moored off the coast, in a bid to counter high land prices.
650 _aFLOATING STRUCTURES
650 _aHARBOURS
650 _aJAPAN
650 _aMEGA-FLOAT
690 _aOVERSEAS-REST OF THE WORLD
942 _n0
948 _c04/03/1997
999 _c5186
_d5186